| 000 | 01193cad a22002415a 4500 | ||
|---|---|---|---|
| 001 | L136719 | ||
| 008 | 070219s2007 xxkd f s 000 0 eng d | ||
| 020 | 1 | _a09565442 | |
| 035 | _a(Sirsi) u136719 | ||
| 041 | 0 | _aeng | |
| 050 | 0 | 4 | _a333.33016 $2 18 |
| 110 | 2 |
_aInvestment Property Databank _92288 |
|
| 245 | 0 | 0 |
_aIPD UK monthly index _bJanuary 2007 _h[electronic resource] |
| 260 |
_aLondon _bIPD _c2007 |
||
| 490 | 0 |
_aIPD UK Monthly Index _vJanuary 2007 |
|
| 520 | _aUK commercial property delivered a total return of 0.7% in January, outstripping UK equities (-0.3%) and bonds (-1.3%), but down more than half on December's 1.5% return. The income return component of total return remained unchanged at 0.4%, but there was a slowdown in the rate of capital growth to 0.3%. Rental values lifted by 0.2%, compared with 0.5% in December. Yields continued to slow to 0.2% compared with 0.7% in December. | ||
| 590 | _aKA | ||
| 650 | 2 | 4 | _aIPD UK MONTHLY INDEX |
| 651 | 4 |
_aUnited Kingdom _y |
|
| 690 | _aPROPERTY-COMMERCIAL PROPERTY-COMMERCIAL PROPERTY FINANCE AND INVESTMENT | ||
| 856 | 4 | 0 |
_uhttps://www.ipdindex.co.uk/ _zView the item free of charge at www.ipdindex.co.uk... |
| 942 | _n0 | ||
| 999 |
_c106488 _d106488 |
||